000 00320pab a2200145 454500
008 180718b1988 xxu||||| |||| 00| 0 eng d
100 _aLahiri, Apala
245 _aWhither working women?
260 _c1988
300 _a14-15
362 _a13 Nov.
650 _aWomen
773 _aDemocratic World
909 _a20757
999 _c20757
_d20757